Quizzes
Events
Quiz Creation
Community
Videos
Private Events
Remove Ads
Sign In
Join for FREE
Feedback
Dark Mode
Quiz Categories
Sports
Geography
Music
Movies
Television
Just For Fun
Miscellaneous
History
Literature
Language
Science
Gaming
Entertainment
Religion
Holiday
For Kids
Quiz Lab
Recent
Popular Today
Quiz Kudos Today
Editor Picks
Curator Picks
Quizzes by...
Day
Popularity
Type
Ratings
Length
Year
Community
Subscriptions
Recent Discussions
Orange Saloon
Badges
Playlists
Quests
Create
Leaderboards
Showdown
Live 5
Trivia Bingo
Activity
Puzzle Library
Sporcle Events
Private Events
Virtual Trivia
Globe League
Become a Host
Pub Owners
SporcleCon
Opinionation
Our Games
Videos
Blog
Mobile Apps
Partnerships
Remove Ads and Go Orange
Feedback
Science
Computer
Plants
Astronomy
Chemistry
Elements
Math
Animal
Physics
Anatomy
Biology
Geology
General Science
Science
Computer
Plants
Astronomy
Chemistry
Elements
Math
Animal
Physics
Anatomy
Biology
Geology
General Science
Random Quiz
Search Sporcle
×
Quiz Lab
Quiz Lab
Science
aka
Type in answers that appear in a list
Type in answers that appear in a list
Classic
Best Score? Go Orange.
Anion Boogaloo Stats
Can you name the Anion Boogaloo ?
By
fryingpan
10m
34 Questions
100 Plays
100 Plays
100 Plays
Comments
Comments
Give Quiz Kudos
Give Quiz Kudos
-
- Ratings
hide this ad
Forced Order
Answers have to be entered in order
Answers have to be entered in order
Random Order
Randomize order of answers
Randomize order of answers
Replay
Link that replays current quiz
Next Quiz
Link to next quiz in quiz playlist
You Got
0%
They Got
Avg Score
73%
Avg Friend Score
Upgrade to see
Score Distribution
Jump to the score distribution portion of the page
Score
0/34
Timer
10:00
0
Plays Today
Name
Molecular Formula
% Correct
Cyanide Ion
CN-
80%
Hydrogen Carbonate ion
HCO3 -
80%
Chloride
Cl-
79%
Oxide
O 2-
79%
Iodide
I-
78%
Acetate ion
CH3COO-
77%
Hydride
H-
77%
Flouride
F-
77%
Carbonate Ion
CO3 2-
76%
Hypochlorite
ClO-
76%
Peroxide
O2 2-
76%
Hydroxide
OH-
75%
Phosphide
P 3-
75%
Chlorate
ClO3-
74%
Dichromate
Cr2O7 2-
74%
Nitrate
NO3-
74%
Carbide ion
C 4-
73%
Name
Molecular Formula
% Correct
Bromate Ion
BrO3 -
73%
Chlorite
ClO2-
73%
Chromate
CrO4 2-
73%
Oxalate ion
C2O4 2-
72%
Nitrite
NO2 -
72%
Thiocyanate Ion
SCN-
72%
Borate Ion
BO3 3-
71%
Pechlorate Ion
ClO4-
71%
Sulfate
SO4 2-
71%
Sulfide
S 2-
71%
Permanganate
MnO4 -
70%
Sulfite
SO3 2-
70%
Thiosulfate ion
S2O3 2-
70%
Phosphite
PO3 3-
68%
Iodate Ion
IO3 -
66%
Phosphate
PO4 3-
66%
Nitride
N 3-
60%
Quiz Playlist
Details
Report
Send in Message
Add To Playlist
Classic:
Type in answers that appear in a list
Forced Order:
Answers have to be entered in order
Random Order:
Randomize order of answers
Last Updated: Feb 16, 2017
Quiz Scoreboard
CHALLENGE
Sign Up to Join the Scoreboard
Show All
Scores
Hide
Comments
May contain spoilers
Recently Published
Popular People in 1961
by mucciniale
History
6m
1-10 Letter E Words III
by El_Dandy
Language
2m
One Thing in Common: World Cities II
by knightlancer
Geography
7m
More to Explore
Quiz From the Vault
Featured Blog Post
Where Did the Easter Bunny Come From?
hide this ad
You Might Also Like...
Tags
aka
anion
boogaloo
formula
molecular
Today's Top Quizzes in Science
Browse Science
hide this ad
Today's Top Quizzes in aka
Browse aka
Top Contributed Quizzes in Science
1
Quick Pick: Radians
2
One Thing in Common: Science III
3
One Thing in Common: Science
4
Sporcle Puzzle Hunt: Science
5
One Thing in Common: Science II
6
Quick Pick: 'CI-CJ' Animals
7
Click the Parts of an Plant Cell
8
Elements In Images
9
Multiplication table 1-10
10
Square Numbers Scrambled (1-50)
Explore More
Trending Topics
Kpop
Marvel
Harry Potter
NBA
Crossword
Anime
Disney
WWE
Song
The Office
Pokémon
Country
Puzzle
Soccer
NFL
hide this ad
More By:
fryingpan
Quiz
Plays
Rating
Category
Featured
Created
Exciting Rat Muscles/Normal
882
5.00
Science
Apr 17, 2011
Exciting Rat Muscles/Easy
740
Science
Apr 17, 2011
Exciting Rat Muscles Ventral/Easier
588
Science
Apr 17, 2011
Exciting Rat Muscles Ventral/ Still Easy
444
Science
Apr 18, 2011
Luscious Rat Interior
400
4.00
Science
May 7, 2011
Go to Creator's Profile
Score Distribution
Quiz Creator Spotlight
fryingpan
Follow
Send a Message
Quizzes Created
-
Created Quiz Play Count
-
More By This Creator
Popular Quizzes Today
1
Find the US States - No Outlines Minefield
2
The Countries of the World
3
Popular People in 1961
4
Find the Countries of Europe - No Outlines Minefield
5
1-10 Letter E Words III
6
Find the US States
7
One Thing in Common: World Cities II
8
US States
More Science Quizzes
5 Answers to 1: Chemistry
Published
Trending Quizzes
Country Music Stars Doing Things
Get the Picture: Carrie or Dolly
1-10 Letter F Words
1-10 Letter G Words
Risky Map Clicking: Next State Alphabetically
Recently Updated
Leaping Animals
pecheneg
Reality TV Shows (A-Z)
bhenderson79
Rickey Henderson's Hall of Fame Teammates
pecheneg
Champions League XIs: Arsenal
pecheneg
Quick Pick: Celebrities in WWE's Hall of Fame
aduchscher
A-Z Keypad Blitz II
pecheneg
Multiple Oscar Actors
pecheneg
Mystery Phrase Blitz: Oscar 'Best Actors'
pecheneg
F. Scott Fitzgerald Novels
LTH
Pick 3 Villains
ddd62291
Trending Topics
NBA
Harry Potter
Anime
Marvel
Disney
Kpop
Crossword
Country
WWE
Pokémon
Song
NFL
The Office
Puzzle
Soccer
Your Account Isn't Verified!
In order to create a playlist on Sporcle, you need to verify the email address you used during registration. Go to your
Sporcle Settings
to finish the process.
Report this User
Report this user for behavior that violates our
Community Guidelines
.
Details:
Send Report
Go to the Sporcle.com Mobile Site →
Comments